[Event "Extremadura-chT"]
[Site "Spain"]
[Date "2008.02.02"]
[Round "3.1"]
[White "Pavon Perez, Agustin"]
[Black "Saraiva Ribeiro, Jose Miguel"]
[Result "1/2-1/2"]
[WhiteElo "2053"]
[BlackElo "2153"]
[PlyCount "119"]
[EventDate "2008.01.19"]
[EventType "team-swiss"]
[EventRounds "9"]
[EventCountry "ESP"]
[SourceTitle "EXT 2011"]
[Source "ChessBase"]
[SourceDate "2010.11.26"]
[SourceVersion "1"]
[SourceVersionDate "2010.11.26"]
[SourceQuality "1"]
[WhiteTeam "Ateneo Cacereno II"]
[BlackTeam "Almendralejo"]
[WhiteTeamCountry "ESP"]
[BlackTeamCountry "ESP"]

1. e4 c5 2. Nf3 Nc6 3. d4 cxd4 4. c3 d3 5. Bxd3 d5 6. 0-0 Bg4 7. h3 Bh5 8. exd5 Qxd5 9. g4 Rd8 10. Bc2 Bg6 11. Qxd5 Rxd5 12. Bb3 Rd3 13. Be3 e5 14. Re1 f6 15. Nbd2 Bf7 16. Ne4 h5 17. Rad1 Rxd1 18. Rxd1 Bxb3 19. axb3 hxg4 20. hxg4 Nh6 21. g5 Ng4 22. gxf6 gxf6 23. Bc5 f5 24. Nd6+ Bxd6 25. Rxd6 Rh6 26. Rxh6 Nxh6 27. b4 a6 28. Nd2 Kd7 29. Nc4 Ke6 30. f3 Nf7 31. Kf2 Nh8 32. Nd6 b6 33. Nb7 bxc5 34. Nxc5+ Kd5 35. Nxa6 Kc4 36. Nc5 Ng6 37. Ke3 Nf4 38. Nb7 Kd5 39. b3 Ng2+ 40. Kf2 Nh4 41. Kg3 Ng6 42. Kf2 Nge7 43. Nc5 Nd8 44. Ke3 Kd6 45. c4 Ne6 46. Nd3 Ng6 47. b5 Ngf4 48. Nb2 Nd4 49. b4 Ng2+ 50. Kf2 Nh4 51. b6 Nhxf3 52. c5+ Kd7 53. Nd1 Ng5 54. Nc3 Nge6 55. Nd5 Nd8 56. Nf6+ Kc6 57. Ne8 Nb7 58. Nc7 f4 59. Kf1 e4 60. Ne8 1/2-1/2

[Event "Extremadura-chT"]
[Site "Spain"]
[Date "2006.03.25"]
[Round "8"]
[White "Saraiva Ribeiro, Jose Miguel"]
[Black "Perez Candelario, Matias"]
[Result "1/2-1/2"]
[WhiteElo "2106"]
[BlackElo "2045"]
[PlyCount "78"]
[EventDate "2006.02.04"]
[EventType "team"]
[EventRounds "9"]
[EventCountry "ESP"]
[SourceTitle "EXT 2007"]
[Source "ChessBase"]
[SourceDate "2006.11.23"]
[SourceVersion "1"]
[SourceVersionDate "2006.11.23"]
[SourceQuality "1"]

1. d4 d5 2. c4 c6 3. cxd5 cxd5 4. Nc3 Nf6 5. Bf4 Nc6 6. e3 Qa5 7. Bd3 h6 8. Nf3 Bg4 9. a3 e6 10. b4 Qd8 11. Qa4 Bxf3 12. gxf3 a6 13. Rc1 Nd7 14. Qb3 g5 15. Bg3 Be7 16. f4 h5 17. fxg5 h4 18. Bf4 Bxg5 19. Ne2 Bxf4 20. Nxf4 Rg8 21. Qd1 Qf6 22. Be2 Qe7 23. Qd3 Nf6 24. Bf3 Qd6 25. Qc3 Ke7 26. Qc5 Rac8 27. Qxd6+ Kxd6 28. Ke2 Ne7 29. Nd3 Nd7 30. Nc5 Nxc5 31. bxc5+ Kc7 32. Bh5 Rg7 33. Rcg1 Rcg8 34. Kf1 f6 35. Rxg7 Rxg7 36. f4 Nf5 37. Kf2 h3 38. Bf3 Nh4 39. Rb1 Nxf3 1/2-1/2

[Event "Extremadura-chT"]
[Site "Spain"]
[Date "2006.03.18"]
[Round "7"]
[White "Perez Candelario, Manuel"]
[Black "Saraiva Ribeiro, Jose Miguel"]
[Result "1-0"]
[WhiteElo "2511"]
[BlackElo "2106"]
[PlyCount "87"]
[EventDate "2006.02.04"]
[EventType "team"]
[EventRounds "9"]
[EventCountry "ESP"]
[SourceTitle "EXT 2007"]
[Source "ChessBase"]
[SourceDate "2006.11.23"]
[SourceVersion "1"]
[SourceVersionDate "2006.11.23"]
[SourceQuality "1"]

1. e4 c6 2. d4 d5 3. Nd2 dxe4 4. Nxe4 Nf6 5. Nxf6+ gxf6 6. Ne2 Bg4 7. f3 Bf5 8. Be3 h5 9. Ng3 Bg6 10. Bd3 Bxd3 11. Qxd3 e6 12. 0-0-0 Qa5 13. Kb1 Nd7 14. c4 0-0-0 15. Qc2 Kb8 16. Bf4+ Ka8 17. d5 Bc5 18. Ne4 cxd5 19. cxd5 e5 20. Bd2 Qb6 21. Bc3 Be3 22. Rhe1 Rhg8 23. Re2 Rc8 24. Qd3 Bg1 25. g3 f5 26. Nd2 f6 27. Nb3 Nc5 28. Nxc5 Rxc5 29. Rc2 a6 30. d6 Rd8 31. d7 Rc6 32. Qxf5 Rd6 33. Rxd6 Qxd6 34. Rd2 Bd4 35. Qxh5 Qxd7 36. Bxd4 exd4 37. Qg4 Qb5 38. f4 Qc4 39. Qd1 d3 40. a3 Qe4 41. Ka2 Qc4+ 42. Qb3 Qe4 43. Qc3 Rd6 44. Qc8+ 1-0